Molecular markers in plant genome analysis (Record no. 63206)

MARC details
000 -LEADER
fixed length control field 00365nam a2200145Ia 4500
100 ## - MAIN ENTRY--AUTHOR NAME
Personal name Joshi Swati P
245 #0 - TITLE STATEMENT
Title Molecular markers in plant genome analysis
260 ## - PUBLICATION, DISTRIBUTION, ETC. (IMPRINT)
Name of publisher Current Science
Year of publication 1999
300 ## - PHYSICAL DESCRIPTION
Number of Pages 230-239
700 ## - ADDED ENTRY--PERSONAL NAME
Personal name Gupta Vidya S
700 ## - ADDED ENTRY--PERSONAL NAME
Personal name Ranjekar Prabhakar
856 ## - ELECTRONIC LOCATION AND ACCESS
Uniform Resource Identifier Reprt
942 ## - ADDED ENTRY ELEMENTS (KOHA)
Koha item type Journals
Holdings
Withdrawn status Lost status Damaged status Not for loan Home library Current library Shelving location Date acquired Serial Enumeration / chronology Koha item type
      Journals RRII Library RRII Library Biotechnology 17/12/2021 Volume 77, Issue 2 Journals